| 000 | 00945nam a2200265Ia 4500 | ||
|---|---|---|---|
| 003 | GCL | ||
| 005 | 20240530104517.0 | ||
| 008 | 140319s9999 xx 000 0 ara d | ||
| 020 | _a4084245977 | ||
| 040 |
_aGCL / _cGCL |
||
| 082 | 0 | 4 |
_a301.16 _bأ أ |
| 100 | 1 | _aانشراح الشال | |
| 245 | 1 | 0 |
_aالاقمار الصناعية والتنمية : _bتجربة هندية / _cانشراح الشال |
| 250 | _aالاولى | ||
| 260 |
_aالقاهرة : _bمكتبة نهضة الشرق ، _c1996 |
||
| 300 |
_a317 ص: _bايض ؛ _c24 سم |
||
| 490 |
_aدراسات فى علم الاجتماع الاعلامى _v0 |
||
| 650 | 0 | 4 | _aالتغير الاجتماعى |
| 650 | 0 | 4 | _aوسائل الاعلام |
| 650 | 0 | 4 | _aالهند |
| 650 | 0 | 4 | _aالاتصالات عبر الاقمار الصناعية |
| 650 | 0 | 4 | _aالاقمار الصناعية |
| 650 | 0 | 4 | _aالاجتماع الثقافى، علم |
| 942 |
_2ddc _cBK |
||
| 999 |
_c48225 _d48225 |
||